00328nam a2200109Ia 4500008004100000082000800041100001400049245003700063942000600100952009700106999001500203240331s9999 xx 000 0 und d bHUM aUNHCR. ed 0aHuman right :bthe new consensus cL 001040708LaWERCLbWERCLcSSCd2024-03-31l0o 323.4 HUMp4064r2024-03-31w2024-03-31yL c2510d2510